| 000 | 00338cam a2200133ua 4500 | ||
|---|---|---|---|
| 999 |
_c11765 _d11765 |
||
| 003 | OSt | ||
| 008 | 190925b ||||| |||| 00| 0 eng d | ||
| 082 |
_a400 _bDES/OU |
||
| 100 |
_aDesai, M.P . _94281 |
||
| 245 | _aOur language problem / | ||
| 260 |
_aAhmadabad : _bNavajivan publishing house , _c1956. |
||
| 300 | _a216 ; . | ||
| 942 | _cBK | ||